Fundamentals of presentation freehand drawing
Salvato in:
| Autore principale: | |
|---|---|
| Natura: | Libro |
| Lingua: | inglese |
| Pubblicazione: |
Birkhäuser
2014
|
| Tags: |
Aggiungi Tag
Nessun Tag, puoi essere il primo ad aggiungerne!!
|
MARC
| LEADER | 00000nam a22000007a 4500 | ||
|---|---|---|---|
| 008 | 240306b |||||||| |||| 00| 0 eng d | ||
| 020 | |a 9783038215455 | ||
| 100 | |a AFFLERBACH, Florian | ||
| 245 | |a Fundamentals of presentation |b freehand drawing |c Florian Afflerbach. |e (Basics) |g :92p;ill | ||
| 260 | |b Birkhäuser |c 2014 |h Basel |i 702819 |i 702820 |l NA2708.Af2 |m Freehand technical sketching. |m Architectural drawing--Technique. | ||
| 942 | |a lcc |c BK |e Johnson |f 06/03/24 | ||
| 952 | |0 0 |1 0 |2 lcc |4 0 |6 NA2708 A F2 |7 0 |9 4952 |a EDM |b HOL |c LP |d 2024-03-06 |l 0 |o NA2708.Af2 |p 2024-0203 |r 2024-03-06 00:00:00 |t 702819 |w 2024-03-06 |y BK | ||
| 952 | |0 0 |1 0 |2 lcc |4 0 |6 NA2708 A F2 |7 0 |9 4953 |a EDM |b HOL |c LP |d 2024-03-06 |l 0 |o NA2708.Af2 |p 2024-0204 |r 2024-03-06 00:00:00 |t 702820 |w 2024-03-06 |y BK | ||
| 999 | |c 2458 |d 2458 | ||